Introduction to probability and statistics (Record no. 545119)

000 -LEADER
fixed length control field 00402nam a22001337a 4500
082 ## - DEWEY DECIMAL CLASSIFICATION NUMBER
Classification number 519.5
Author Mark LIP
-- N-01, P-145
100 ## - MAIN ENTRY--PERSONAL NAME
Personal name Lipschutz, Seymour
9 (RLIN) 8529
245 ## - TITLE STATEMENT
Title Introduction to probability and statistics
Statement of responsibility, etc. Lipschutz, Seymour
260 ## - PUBLICATION, DISTRIBUTION, ETC.
Name of publisher, distributor, etc. Temple university
Date of publication, distribution, etc. 2000
300 ## - PHYSICAL DESCRIPTION
Extent vi, 370 p. :
Other physical details ill, ;
Dimensions 24 cm.
526 ## - STUDY PROGRAM INFORMATION NOTE
Program name 0
Interest level 0
Reading level 0
Title point value 519_500000000000000_LIP
650 ## - SUBJECT ADDED ENTRY--TOPICAL TERM
Topical term or geographic name entry element NUST
9 (RLIN) 6342
942 ## - ADDED ENTRY ELEMENTS (KOHA)
Source of classification or shelving scheme
Koha item type Book
Holdings
Withdrawn status Lost status Source of classification or shelving scheme Damaged status Not for loan Permanent Location Current Location Date acquired Total Checkouts Full call number Barcode Date last seen Price effective from Koha item type
          Military College of Engineering (MCE) Military College of Engineering (MCE) 05/19/2014   519.5 LIP MCE-38115 05/19/2014 05/19/2014 Book
© 2023 Central Library, National University of Sciences and Technology. All Rights Reserved.